00588nam a2200157Ia 4500003000400000005001700004008004100021040001800062041000800080100005500088245010000143260003600243942001300279999001900292952011900311OSt20260130145119.0211028s2018 xx 000 0 und d cAIMIT LIBRARY aeng aD Souza, Stacia Sharol; Harinakshi.g161620097952 aStudy on the dynamics of work- life blance of nurses with reference to A J Hospital Mangalore / aMangalorebRayan D Souza.c2018 2ddccPRO c219520d219520 00102ddc40718PR_MBAaAIMITbAIMITd2021-10-28eMBAl0pPRB01606r2021-10-28 00:00:00t1616200w2021-10-28yPRO